Представление документа в формате MARC21

Поле Инд. ПП Название Значение
Тип записи a
Библиографический уровень a
001 Контрольный номер 51efa969b00b4b5bbfff41b63dd6eb96
005 Дата корректировки 20240112110234.7
040 a Служба первич. каталог. НБ ТвГУ
b Код языка каталог. rus
e Правила каталог. PSBO
041 0_ a Код языка текста rus
097 b Оператор Shalygina.EA
100 1_ a Автор Нестеров В. М.
245 10 a Заглавие Об одной возможности пополнения вычислительной модели
260 a Место издания Калинин
b Издательство КГУ
504 a Библиография Библиогр.: с. 85-86
653 0_ a Ключевые слова Вычислительная модель
a Ключевые слова Операторы
a Ключевые слова Логические методы
a Ключевые слова Программирование
a Ключевые слова Математическая логика
a Ключевые слова Язык Паскаль
a Ключевые слова Полиномы
773 18 w Контрольный № источника 306c851c-549e-42a0-abd9-55a4559a9efa
t Название источника Логические методы построения эффективных алгоритмов
d Место и дата издания Калинин : КГУ, 1986
g Прочая информация С. 81-86
901 t Тип документа a
920 a Оператор Шалы